Statistics for Mu Class

Click here to take the quiz!

General Stats

  • This quiz has been taken 32 times
  • The average score is 8 of 13

Answer Stats

namemajor% Correct
Blaine Bumbacabusiness
100%
Brian SeoDance
100%
Derek WeinreichBusiness
100%
Drew OkimotoCreative Producing
83%
Evan grohowskiEconomics
83%
Harry RaftusCreative Producing
67%
Jacob LeeBusiness finance
67%
Joaquin Cortesbusiness
67%
Joe lemosBusiness
50%
Kiva CorshenFilm Production
50%
Nima NakhjavaniData analytics
33%
sebastian de arantes OliveiraCommunications
17%
Will MillerBusiness Finance
17%

Score Distribution

Percentile by Number Answered

Percent of People with Each Score

Your Score History

You have not taken this quiz